Normal view
MARC view
- Er. Hamza Mollakadavath (Guide)
Entry Personal Name
001 - CONTROL NUMBER
- control field: 3566
003 - CONTROL NUMBER IDENTIFIER
- control field: OSt
005 - DATE AND TIME OF LATEST TRANSACTION
- control field: 20181006113621.0
008 - FIXED-LENGTH DATA ELEMENTS
- fixed length control field: 181006|| aca||aabn | a|a d
040 ## - CATALOGING SOURCE
- Original cataloging agency: OSt
- Transcribing agency: OSt
100 ## - HEADING--PERSONAL NAME
- Personal name: Er. Hamza Mollakadavath (Guide)
670 ## - SOURCE DATA FOUND
- Source citation: Work cat.: (OSt)14945: HARI B. KRISHNAN MUHAMMED RANEEF S SURYA A.S 3565, Energy production from rubber processing effluents through biomethanation
